'C' Countries by Outline Quiz Stats

 Plays Quiz Updated Aug 10, 2017

Support Sporcle.
Go Orange.
Score 0/16 Timer 03:00
0 Plays Today
% Correct
Canada
93.9%
Chile
87%
China
85.4%
Cuba
81.2%
Croatia
81.2%
Colombia
72.1%
Chad
71.7%
Cyprus
70.9%
% Correct
Comoros
62.8%
Cameroon
57.9%
Czechia
56.2%
Costa Rica
53.3%
Cabo Verde
52.1%
Cambodia
50.5%
Central African Republic
43.1%
Côte d'Ivoire
38.7%

You're not logged in!

Compare scores with friends on all Sporcle quizzes.
OR
Log In
Forgot?

From the Vault

Planetary Profile: Venus

by gris379

Ah snap, we just overheard Mars tell Venus she has no life.
Remove Ads.
Support Sporcle.
Get the best of Sporcle when you Go Orange. This ad-free experience offers more features, more stats, and more fun while also helping to support Sporcle. Thank you for becoming a member.

Show Comments

Extras

Top Quizzes Today


Score Distribution

Your Account Isn't Verified!

In order to create a playlist on Sporcle, you need to verify the email address you used during registration. Go to your Sporcle Settings to finish the process.

Report this User

Report this user for behavior that violates our Community Guidelines.

Details: